| 000 | 00607nam a2200205 i 4500 | ||
|---|---|---|---|
| 001 | bg | ||
| 245 | 7 | 0 |
_aSelected problems of solid-state physics / _cCracow University of Technology. Institute of Physics ; [aut. Bażela W. i in.]. |
| 260 |
_aCracow : _bPK, _c1995. |
||
| 300 |
_a177 s. : _bfot., rys., wykr. ; _c24 cm. |
||
| 504 | _aBibliogr. przy art. | ||
| 650 | 9 |
_aCiało stałe _xfizyka _xzagadnienia |
|
| 700 | 1 | _aBAŻELA, W. | |
| 020 | _a8390387883 | ||
| 040 | _cBPK | ||
| 041 | 0 | _aen | |
| 080 | _a538.9 | ||
| 920 | _a83-903878-8-3 | ||
| 942 | _cKS | ||
| 008 | s pl f |000 0 pol | ||
| 999 |
_c30579 _d30579 |
||
| 856 |
_uhttp://koha.tu.koszalin.pl/cgi-bin/koha/opac-detail.pl?biblionumber=30579 _yKatalog online BPK |
||